| 000 | 00747cad a22001815a 4500 | ||
|---|---|---|---|
| 001 | E151977 | ||
| 008 | 110117s2006 xxk f 000 0 eng d | ||
| 035 | _a(Sirsi) u151977 | ||
| 041 | 0 | _aeng | |
| 110 | 2 |
_aChartered Institute of Building _92134 |
|
| 245 | 0 | 0 |
_aOccupational stress in the construction industry _h[electronic resource] |
| 260 |
_aAscot _bCIOB _c[2006] |
||
| 520 | _aPresents the results of research into stress, anxiety and depression in the construction industry. | ||
| 651 | 4 |
_aUnited Kingdom _y |
|
| 690 | _aMANAGEMENT-BUSINESS MANAGEMENT-HUMAN RESOURCE MANAGEMENT | ||
| 856 | 4 | 0 |
_uhttps://www.ciob.org.uk/sites/ciob.org.uk/files/WEB-INF/files/documents/stress.pdf _zView the item free of charge at www.ciob.org.uk |
| 942 | _n0 | ||
| 999 |
_c111773 _d111773 |
||